NEET Crash Course 2022 Physics : (Record no. 198251)
[ view plain ]
| 000 -LEADER | |
|---|---|
| fixed length control field | 00594nam a22001697a 4500 |
| 005 - DATE AND TIME OF LATEST TRANSACTION | |
| control field | 20230918113506.0 |
| 010 ## - LCCN (DPL NO) | |
| LC control number | ENG-138071 |
| 020 ## - INTERNATIONAL STANDARD BOOK NUMBER | |
| International Standard Book Number | 9789354499036 |
| Terms of availability | 450.00 |
| 035 ## - SYSTEM CONTROL NUMBER | |
| System control number | EN-121603 |
| 037 ## - SOURCE OF ACQUISITION | |
| Source of stock number/acquisition | DBAD/PUB |
| 082 ## - DEWEY DECIMAL CLASSIFICATION NUMBER | |
| Classification number | 530 |
| 245 ## - TITLE STATEMENT | |
| Title | NEET Crash Course 2022 Physics : |
| Remainder of title | A complete Guide for NEET Aspirants / |
| 260 ## - PUBLICATION, DISTRIBUTION, ETC. (IMPRINT) | |
| Place of publication, distribution, etc | Uttar Pradesh |
| Name of publisher, distributor, etc | Pearson India Education Services Pvt. Ltd. |
| Date of publication, distribution, etc | 2023 |
| 270 ## - ADDRESS | |
| Address | 15th Floor, Tower-B, World Trade Tower, Plot no. 1, Block-C, Sector-16 |
| City | Noida (Uttar Pradesh) |
| Postal code | 201301 |
| 300 ## - PHYSICAL DESCRIPTION | |
| Extent | v.p |
| Dimensions | 26cm(pbk) |
| 942 ## - ADDED ENTRY ELEMENTS (KOHA) | |
| Source of classification or shelving scheme | Dewey Decimal Classification |
| Item type | English Books |
| Classification part | 530 |
| Call number suffix | NEE |
| Withdrawn status | Lost status | Not for loan | Collection code | Home library | Current library | Date acquired | Source of acquisition | Cost, normal purchase price | Full call number | Barcode | Copy number | Cost, replacement price | Koha item type |
|---|---|---|---|---|---|---|---|---|---|---|---|---|---|
| Non-fiction | Ashok Vihar | Ashok Vihar | 18/09/2023 | DBAD/PUB | 450.00 | 530 NEE | EN-121603 | 1 | 450.00 | English Books |
